| 000 | 02083nam0a2200373 4500 | ||
|---|---|---|---|
| 001 | RU\NLR\bibl\1778261 | ||
| 005 | 20260407205726.0 | ||
| 010 |
_a978-5-91259-069-6 _9200 |
||
| 021 |
_aRU _b2011-37584 _92680 |
||
| 035 | _a(nilc)RSL-KNO-004948297 | ||
| 035 | _a(NLR Aleph) 001769023 | ||
| 090 |
_a1626038 _c1626038 |
||
| 100 | _a20110531d2011 |||y0rusy50 ca | ||
| 101 | 1 |
_arus _ceng |
|
| 102 | _aRU | ||
| 105 | _aa ||||||||| | ||
| 200 | 1 |
_aВведение к "Руководству по выражению неопределенности измерения" и сопутствующим документам - оценивание данных измерений _fОбъединенный комитет по руководствам в метрологии, [Федеральное гос. унитарное предприятие "Всероссийский научно-исследовательский ин-т метрологии им. Д. И. Менделеева"] _g[пер. с англ. под науч. ред. В. А. Слаева, А. Г. Чуновкиной] |
|
| 210 |
_aСанкт-Петербург _cПрофессионал _d2011 |
||
| 215 |
_aXIII, 43 с. _cил., табл. _d21 |
||
| 320 | _aБиблиогр.: с. 33-35 (26 назв.) | ||
| 320 | _aАлф. указ.: с. 36-41 | ||
| 488 | 0 |
_12001#$aРуководство по выражению неопределенности измерения _tРуководство по выражению неопределенности измерения |
|
| 606 | 1 |
_aИзмерения _xОбработка данных _92615685 _3RU\NLR\auth\661552244 |
|
| 686 |
_aЖ103я82 _2rubbk |
||
| 686 | _aЖ103 | ||
| 712 | 0 | 2 |
_4570 _aОбъединенный комитет по руководствам в области метрологии _3RU\NLR\AUTH\8810138136 _9771625 |
| 801 | 0 |
_aRU _bRuMoRKP _c20110531 _grcr |
|
| 801 | 1 |
_aRU _bРГБ _c20110531 |
|
| 801 | 2 |
_aRU _bNLR _c20110608 _grcr |
|
| 942 | _cBOOK | ||
| 980 | _aNB | ||
| 980 | _aNBR | ||